ARRUPE JESUIT UNIVERSITY

CORONAVIRUS -STOP THE SPREAD - CLEAN,DISINFECT,COVER

Edge of chaos : (Record no. 128726)

MARC details
000 -LEADER
fixed length control field 00963nam a22002535i 4500
001 - CONTROL NUMBER
control field 20363155
003 - CONTROL NUMBER IDENTIFIER
control field ARRUPE
005 - DATE AND TIME OF LATEST TRANSACTION
control field 20190107113647.0
008 - FIXED-LENGTH DATA ELEMENTS--GENERAL INFORMATION
fixed length control field 180216s2018 nyu 000 0 eng
010 ## - LIBRARY OF CONGRESS CONTROL NUMBER
LC control number 2018935202
020 ## - INTERNATIONAL STANDARD BOOK NUMBER
International Standard Book Number 9780465097463 (hardcover)
040 ## - CATALOGING SOURCE
Original cataloging agency DLC
Language of cataloging eng
Description conventions rda
Transcribing agency DLC
042 ## - AUTHENTICATION CODE
Authentication code pcc
050 ## - LIBRARY OF CONGRESS CALL NUMBER
Classification number HC106.5.M632 2018
300 ## - PHYSICAL DESCRIPTION
Dimensions 24cm.
100 1# - MAIN ENTRY--PERSONAL NAME
Personal name Moyo, Dambisa.
9 (RLIN) 4393
245 10 - TITLE STATEMENT
Title Edge of chaos :
Remainder of title why democracy is failing to deliver economic growth--and how to fix it /
Statement of responsibility, etc Dambisa Moyo.
260 ## - PUBLICATION, DISTRIBUTION, ETC. (IMPRINT)
Place of publication, distribution, etc Great Britain
Name of publisher, distributor, etc Little, Brown
Date of publication, distribution, etc 2018
263 ## - PROJECTED PUBLICATION DATE
Projected publication date 1802
300 ## - PHYSICAL DESCRIPTION
Extent xxii, 296p. ;
650 ## - SUBJECT ADDED ENTRY--TOPICAL TERM
Topical term or geographic name as entry element Economic forecasting
9 (RLIN) 43824
650 ## - SUBJECT ADDED ENTRY--TOPICAL TERM
Topical term or geographic name as entry element Democracy
9 (RLIN) 43825
651 ## - SUBJECT ADDED ENTRY--GEOGRAPHIC NAME
Geographic name United States. Economic conditions
Chronological subdivision 1945-
9 (RLIN) 43826
906 ## - LOCAL DATA ELEMENT F, LDF (RLIN)
a 0
b ibc
c orignew
d 2
e epcn
f 20
g y-gencatlg
942 ## - ADDED ENTRY ELEMENTS (KOHA)
Source of classification or shelving scheme Library of Congress Classification
Koha item type Monograph ( Printed materials)
Holdings
Withdrawn status Lost status Source of classification or shelving scheme Damaged status Not for loan Collection code Home library Current library Shelving location Date acquired Total Checkouts Full call number Barcode Date last seen Date checked out Price effective from Koha item type
    Library of Congress Classification     Main Collection ARRUPE LIBRARY ARRUPE LIBRARY Main Collection 07/01/2019 6 HC106.5.M632 2018 46600002750 25/04/2019 08/04/2019 07/01/2019 Monograph ( Printed materials)

 

Arrupe Library. PO Box MP320 Mt Pleasant, Harare, Zimbabwe
263 242 745411|librarian@aju.ac.zw